Music Quiz

Random Music Quiz

Hidden GOT7 Members Quiz Stats

Quiz not verified by Sporcle

Also try: A Fifth of Disney
Challenge
Share
Tweet
Embed
Score 0/7 Timer 07:00
1 Play Today
Hint Stage Name % Correct
Complete world domination was Jack's only goal in life, but sadly was one he had yet to achieve.Jackson
98.7%
In my day, 'Jaeger' wasn't spelled like 'jae'—bummer! If only I had known that when I watched Shingeki no Kyojin season two last week!Jaebum
96.5%
A drama which has become a 2017 icon of Hallyu, Gyeom Lee is a character in Saimdang, or, Light's Diary, which aired in January.Yugyeom
95.2%
A fictional city in J. R. R. Tolkien's legendarium, Eldamar (known also as Elvenhome) was a home of the Eldar in Valinor.Mark
89.1%
I, a concerned listener, Caleb, am bamboozled as to why this radio station only talks about kazoo music and not true quality oboe riffs.Bambam
88.1%
That's my doujin you, Nguyen, and Choi tried to steal! Just because it's a fan comic doesn't mean it's not private property, brother!Jinyoung
87.8%
'Better to die young,' Jaedyn proclaimed to the crowd of rapt stuffed animals, 'than to have never lived at all!'Youngjae
87.5%

You're not logged in!

Compare scores with friends on all Sporcle quizzes.
Sign Up with Email
OR
Log In

You Might Also Like...

Show Comments

Extras

Top Quizzes Today


Score Distribution

Your Account Isn't Verified!

In order to create a playlist on Sporcle, you need to verify the email address you used during registration. Go to your Sporcle Settings to finish the process.